Path Integral Approach to Quantum Physics : An Introduction
Αποθηκεύτηκε σε:
| Κύριος συγγραφέας: | |
|---|---|
| Μορφή: | Βιβλίο |
| Γλώσσα: | English |
| Δημοσίευση: |
Berlin :
Springer-Verlag,
c1994
|
| Σειρά: | Texts and monographs in physics
|
| Θέματα: | |
| Ετικέτες: |
Προσθήκη ετικέτας
Δεν υπάρχουν, Καταχωρήστε ετικέτα πρώτοι!
|
MARC
| LEADER | 00000nam a2200000 i 4500 | ||
|---|---|---|---|
| 001 | 1/29039 | ||
| 008 | 960620s1994 eng d | ||
| 020 | |a 3-540-55213-8 | ||
| 035 | |a 1995 |l 10038223 | ||
| 040 | |a GR-MY-UA |b gre |e aacr | ||
| 041 | 0 | |a eng | |
| 082 | 0 | |a 530.12 | |
| 100 | 1 | |a Roepstorff, Gert. | |
| 245 | 1 | 0 | |a Path Integral Approach to Quantum Physics : |b An Introduction / |c Gert Roepstorff |
| 260 | |a Berlin : |b Springer-Verlag, |c c1994 | ||
| 300 | |a 387 p.; |c 24 cm. | ||
| 490 | 1 | |a Texts and monographs in physics | |
| 500 | |a Includes bibliographical references and index | ||
| 650 | 0 | 0 | |a Path integrals. |
| 830 | 0 | |a Texts and monographs in physics | |
| 852 | |a INST |b SAMOS |e 19960620 |h 530.12 ROE |p 005300005213 |q 005300005213 |t BK |y 0 | ||
| 909 | |a Σ |b 039134 | ||